000 00247nam a2200109Ia 4500
008 201231s9999 xx 000 0 und d
100 _aTanenbaum, Andrew S.
245 0 _aComputer Networks
260 _aNew Delhi
_bPHI
300 _a517
942 _cBK
999 _c9907
_d9907